[Event "BCF-chT 0102 (4NCL)"]
[Site "Birmingham"]
[Date "2001.11.24"]
[Round "3.7"]
[White "Ledger, Dave J"]
[Black "McFarland, Robert S"]
[Result "1-0"]
[WhiteElo "2249"]
[BlackElo "2280"]
[PlyCount "35"]
[EventDate "2001.09.22"]
[EventType "team"]
[EventRounds "11"]
[EventCountry "ENG"]
[SourceTitle "CBM 084 Extra"]
[Source "ChessBase"]
[SourceDate "2001.10.26"]
[SourceVersion "1"]
[SourceVersionDate "2001.10.26"]
[SourceQuality "1"]
[WhiteTeam "Midland Monarchs"]
[BlackTeam "Bristol"]
[WhiteTeamCountry "ENG"]
[BlackTeamCountry "ENG"]

1. e4 g6 2. Nc3 Bg7 3. h4 h5 4. d4 c6 5. Bc4 b5 6. Bb3 b4 7. Qf3 e6 8. Nce2 a5 9. Bg5 Qb6 10. Qe3 Bb7 11. Nf3 d6 12. Rd1 Nd7 13. 0-0 Ngf6 14. Qf4 Qc7 15. c3 Ba6 16. Rfe1 e5 17. dxe5 dxe5 18. Rxd7 1-0

[Event "BCF-chT2 0001 (4NCL)"]
[Site "Birmingham"]
[Date "2001.01.28"]
[Round "6.4"]
[White "McFarland, Robert S"]
[Black "Yeo, Michael J"]
[Result "1-0"]
[WhiteElo "2271"]
[BlackElo "2207"]
[PlyCount "93"]
[EventDate "2000.11.26"]
[EventType "team"]
[EventRounds "11"]
[EventCountry "ENG"]
[SourceTitle "CBM 079 Extra"]
[Source "ChessBase"]
[SourceDate "2001.01.11"]
[SourceVersion "2"]
[SourceVersionDate "2001.01.25"]
[SourceQuality "1"]
[WhiteTeam "Bristol"]
[BlackTeam "Wessex"]
[WhiteTeamCountry "ENG"]
[BlackTeamCountry "ENG"]

1. Nf3 Nc6 2. g3 e5 3. d3 g6 4. Bg2 Bg7 5. c4 f5 6. Nc3 Nf6 7. Rb1 0-0 8. 0-0 d6 9. b4 h6 10. b5 Ne7 11. a4 Be6 12. Ne1 Rb8 13. Nc2 g5 14. Nb4 f4 15. Nbd5 Nfxd5 16. Nxd5 Nf5 17. e3 Qd7 18. Bd2 c6 19. Nb4 Ne7 20. Qe2 Bh3 21. f3 Be6 22. exf4 gxf4 23. gxf4 Ng6 24. fxe5 Bxe5 25. f4 Bd4+ 26. Kh1 c5 27. Qxe6+ Qxe6 28. Bd5 Rbe8 29. Rbe1 Qxd5+ 30. Nxd5 Nh4 31. Rxe8 Rxe8 32. Re1 Rxe1+ 33. Bxe1 Nf5 34. Kg2 Kf7 35. Kf3 Bg1 36. Kg4 Nd4 37. h3 Nc2 38. Bd2 Bd4 39. Kh5 Kg7 40. f5 Nb4 41. Nxb4 cxb4 42. Bxb4 Be5 43. Bd2 Kf6 44. Kxh6 Kxf5 45. Bg5 Bc3 46. h4 Bb4 47. Kg7 1-0

[Event "BCF-chT2 0001 (4NCL)"]
[Site "Birmingham"]
[Date "2000.11.25"]
[Round "3.7"]
[White "Beveridge, Allan"]
[Black "McFarland, Robert S"]
[Result "0-1"]
[WhiteElo "2175"]
[BlackElo "2271"]
[PlyCount "70"]
[EventDate "2000.11.26"]
[EventType "team"]
[EventRounds "11"]
[EventCountry "ENG"]
[SourceTitle "CBM 079 Extra"]
[Source "ChessBase"]
[SourceDate "2001.01.11"]
[SourceVersion "2"]
[SourceVersionDate "2001.01.25"]
[SourceQuality "1"]
[WhiteTeam "BCCA"]
[BlackTeam "Bristol"]
[WhiteTeamCountry "ENG"]
[BlackTeamCountry "ENG"]

1. d4 g6 2. Nf3 Bg7 3. Bf4 d6 4. e3 c5 5. c3 Nd7 6. Nbd2 Ngf6 7. h3 b6 8. Be2 Bb7 9. 0-0 0-0 10. a4 a6 11. Bh2 Qc7 12. Re1 Qc6 13. e4 e6 14. Bd3 Rfd8 15. Qe2 d5 16. exd5 Qxd5 17. Ne4 Nxe4 18. Bxe4 Qxe4 19. Qxe4 Bxe4 20. Rxe4 cxd4 21. cxd4 Rac8 22. Re2 Rc4 23. b3 Rb4 24. Rb1 Nf6 25. Ne5 Rbxd4 26. f3 Rd1+ 27. Rxd1 Rxd1+ 28. Kf2 Bf8 29. Rc2 Rb1 30. Rc8 Kg7 31. Nc4 Nd5 32. Be5+ f6 33. Bd4 Rxb3 34. Rb8 Rb4 35. Rb7+ Kh6 0-1

[Event "BCF-ch 87th"]
[Site "Millfield"]
[Date "2000.08.10"]
[Round "10"]
[White "McShane, Luke J"]
[Black "McFarland, Robert S"]
[Result "1-0"]
[WhiteElo "2480"]
[BlackElo "2267"]
[PlyCount "61"]
[EventDate "2000.07.31"]
[EventType "swiss"]
[EventRounds "11"]
[EventCountry "ENG"]
[SourceTitle "CBM 077 Extra"]
[Source "ChessBase"]
[SourceDate "2000.09.14"]
[SourceVersion "1"]
[SourceVersionDate "2000.09.14"]
[SourceQuality "1"]

1. e4 g6 2. d4 Bg7 3. Nf3 d6 4. c3 Nf6 5. Bd3 0-0 6. 0-0 Nc6 7. Re1 e5 8. h3 h6 9. Na3 Re8 10. Nc2 Kh7 11. a4 b6 12. d5 Na5 13. Nd2 Nh5 14. b4 Nb7 15. Bb5 Rf8 16. Nb3 Nf4 17. Bxf4 exf4 18. Ncd4 a6 19. Bc6 Qf6 20. a5 b5 21. Rc1 Rb8 22. c4 bxc4 23. Rxc4 Nd8 24. Ba4 Qg5 25. Nf3 Qh5 26. Rxc7 Rxb4 27. Nbd2 Nb7 28. Rxc8 Rxa4 29. Rxf8 Ra1 30. Qxa1 Bxa1 31. Rxf7+ 1-0